Statistics for Cola - Lana Del Rey - All Lyrics

Click here to take the quiz!

General Stats

  • This quiz has been taken 193 times
  • The average score is 299 of 338

Answer Stats

Answer% Correct
a
99%
ahh
99%
cola
99%
(I
99%
I
99%
like
99%
My
99%
my
99%
Pepsi
99%
taste
99%
men
98%
pussy
98%
tastes
98%
yeah)
98%
yeah
98%
me
97%
oh
97%
Oh,
97%
ooh
97%
Ooh,
97%
ooh-ooh,
97%
Ooh-ooh,
97%
(Ooh-ooh,
97%
ooh-ooh
97%
the
97%
for
96%
For
96%
baby,
95%
baby
95%
cherry
95%
on
95%
on,
95%
who
95%
an
94%
are
94%
do
94%
eyes
94%
it
94%
older
94%
to
94%
and
93%
Come
93%
come
93%
gots
93%
crazy
91%
he
91%
in
91%
making
91%
We
91%
can
90%
let's
90%
pies
90%
ride
90%
All
88%
it's
88%
It’s
88%
know
88%
wide
88%
your
88%
diamantes
87%
diamonds
87%
escape
87%
been
86%
great
86%
is
86%
no
86%
pretty
86%
sky
86%
so
86%
sunshine
86%
surprise
86%
with
86%
his
85%
mind
85%
always
84%
party
84%
side
84%
wants
84%
other
83%
she
83%
wife
83%
wouldn't
83%
American
78%
he's
78%
made
78%
out
77%
everything
76%
flag
76%
dad
75%
knows
73%
teaching
73%
fall
71%
wear
71%
alive,
68%
alive)
68%
asleep
68%
pledge
68%
Don't
64%
allegiance
63%
really
63%
treat
63%
Harvey's
62%
rough,
62%
Skid
57%
up,
57%
vanilla
57%
Row
56%
suck
56%
ices
55%
icys
55%
niceys
48%
neck,
45%
Decorate
42%
Drugs,
42%
Why,
32%

Score Distribution

Percentile by Number Answered

Percent of People with Each Score

Your Score History

You have not taken this quiz